Bionicle dark hunters (Record no. 4610)

MARC details
000 -LEADER
fixed length control field 01125cam a22003733a 4500
001 - CONTROL NUMBER
control field 4610
003 - CONTROL NUMBER IDENTIFIER
control field FISKH
005 - DATE AND TIME OF LATEST TRANSACTION
control field 20240918095803.0
008 - FIXED-LENGTH DATA ELEMENTS--GENERAL INFORMATION
fixed length control field 060823s2006 nyua j 000 1 eng d
010 ## - LIBRARY OF CONGRESS CONTROL NUMBER
LC control number 2006297635
020 ## - INTERNATIONAL STANDARD BOOK NUMBER
International Standard Book Number 0439828031 (pbk.)
020 ## - INTERNATIONAL STANDARD BOOK NUMBER
International Standard Book Number 9780439828031
020 ## - INTERNATIONAL STANDARD BOOK NUMBER
International Standard Book Number 9780439828031
040 ## - CATALOGING SOURCE
Original cataloging agency JBO
Transcribing agency JBO
Modifying agency OCLCQ
-- DLC
Language of cataloging eng
050 ## - LIBRARY OF CONGRESS CALL NUMBER
Classification number PZ7
082 ## - DEWEY DECIMAL CLASSIFICATION NUMBER
Classification number 688.728
100 1# - MAIN ENTRY--PERSONAL NAME
Personal name Farshtey, Greg.
245 10 - TITLE STATEMENT
Title Bionicle dark hunters
Statement of responsibility, etc. by Greg Farshtey.
246 30 - VARYING FORM OF TITLE
Title proper/short title Dark hunters
260 ## - PUBLICATION, DISTRIBUTION, ETC.
Place of publication, distribution, etc. New York :
Name of publisher, distributor, etc. Scholastic,
Date of publication, distribution, etc. 2006.
300 ## - PHYSICAL DESCRIPTION
Extent 79 pages :
Other physical details color illustrations ;
Dimensions 23 cm
500 ## - GENERAL NOTE
General note "Based on the LEGO characters"--P. [4] of cover.
505 ## - FORMATTED CONTENTS NOTE
Formatted contents note P<br/>
520 ## - SUMMARY, ETC.
Summary, etc. Tells a story about the evil dark hunters of the Bionicle world.
521 8# - TARGET AUDIENCE NOTE
Target audience note 650<br/>
Source Lexile estimate <br/>
521 8# - TARGET AUDIENCE NOTE
Target audience note P<br/>
Source Raz-Plus<br/>
650 #0 - SUBJECT ADDED ENTRY--TOPICAL TERM
Topical term or geographic name entry element Lego toys
Form subdivision Juvenile fiction.
650 #0 - SUBJECT ADDED ENTRY--TOPICAL TERM
Topical term or geographic name entry element Monsters
Form subdivision Juvenile fiction.
650 #0 - SUBJECT ADDED ENTRY--TOPICAL TERM
Topical term or geographic name entry element Fantasy
Form subdivision Juvenile fiction.
710 2# - ADDED ENTRY--CORPORATE NAME
Corporate name or jurisdiction name as entry element LEGO koncernen (Denmark)
906 ## - LOCAL DATA ELEMENT F, LDF (RLIN)
a 7
b cbc
c copycat
d 2
e ncip
f 20
g y-gencatlg
942 ## - ADDED ENTRY ELEMENTS (KOHA)
Source of classification or shelving scheme Dewey Decimal Classification
Koha item type Books
Suppress in OPAC No
Holdings
Withdrawn status Lost status Source of classification or shelving scheme Damaged status Not for loan Collection Home library Current library Shelving location Date acquired Total Checkouts Full call number Barcode Date last seen Date last checked out Price effective from Koha item type
    Dewey Decimal Classification     Juvenile Fiction Footprints International School Library Network Toul Kork Campus Footprints International School Library Network Toul Kork Campus TK Primary Library Room(4th Floor), Bookcase 5&6, Shelves 33-56, Orange Books 09/18/2024 1 FAR 688.728 PZ7 FISTK01013 03/13/2025 12/20/2024 09/18/2024 Books